Регионална библиотека "Любен Каравелов" - Русе

Щурият глобус (Запис номер 29700)

MARC детайли
000 -Лидер
Контролно поле с фиксирана дължина 01573nam a2200361 c 4500
003 - Код на организацията, давaща контролен номер
Контролно поле BLK
005 - Дата и час на последна редакция
Контролно поле 20241030141739.0
008 - Елементи от данни с фиксирана дължина
fixed length control field 180407b bul|||||r ||||||| ||bul||
010 ## - Наследен системен номер
LC control number KNG00032323000
020 ## - Международен стандартен номер на книга ISBN
Международен стандартен номер на книга ISBN 978-954-28-0692-9
-- издат.: Сиела Софт енд Паблишинг
040 ## - Източник на каталожния запис
Идентификатор на билиотеката - собственик на записа BLK
041 ## - Код за език
Код за езика на текст/звукозапис или на отделно заглавие Български
Код за езика КДБФ Български
072 #7 - Код за тематичната категория
Код организация bullib
Код за тематична категория Н83
Текст Чужда художествена литература Н
080 ## - УДК
Текстов определител УДК Немска литература
УДК код - определител по УДК 821.112.2
УДК определител -992
УДК - код + определител 821.112.2-992
080 ## - УДК
Текстов определител УДК Българска литература
УДК код - определител по УДК 821.163.2
УДК определител -054.7-992
УДК - код + определител 821.163.2-054.7-992
100 1# - Редна дума - Автор
Автор Троянов, Илия Маринов
Авторска отговорност първи автор
R(LIN) 262366
139 ## - Редно поле
Редна дума Троянов, Илия Маринов
Авторски знак Тро - Т 86
245 10 - Сведения за заглавието
Заглавие Щурият глобус
Редно поле (дума) Илия Маринов Троянов; прев. от нем. Жанина Димитрова Драгостинова.
257 ## - Страна на издаване
Страна на създаване/издаване Германия
260 ## - Област на издателските данни
-- София
Име на издателя, разпространителя и проч. Сиела Софт енд Паблишинг
Година на издаване 2010
300 ## - Физическа характеристика
Страници 188 с.
Размери/Мащаб 21 см
380 ## - Жанр
Жанр Худож. лит.
500 ## - Общи забележки
Забележка Ориг. загл. Der Entfesselte Globus / Ilija Trojanow. - Съдържа и за авт.
653 ## - Ключова дума – ненормативна
Ключова дума пътеписи
659 ## - Тематичен бюлетин
Тематичен бюлетин Н
700 1# - Други автори (авторска отговорност)
Лично име Драгостинова, Жанина Димитрова
Дати, свързани с автора 1962 -
Друга информация Преводач от немски език
9 (RLIN) 65221
852 ## - Местоположение
Форматна сигнатура Цб 251560
856 4# - Електронен адрес и достъп
Електронен формат pdf - файл
Път до файла /url/
856 4# - Електронен адрес и достъп
Електронен формат pdf - файл
Път до файла /url/
942 ## - АРТИКУЛИ
Вид на библиотечния материал Книги
Скрит в OPAC Не
Koha issues (borrowed), all copies 2
944 ## - СЪЗДАВАНЕ И РЕДАКЦИЯ на ЗАПИСА
Създаване/Редакция Създаване
Дата на регистрацията/редакция 15.04.2011
Статус, дата на статуса Геновева Генчева
Служител, извършил регистрацията/редакцията 30560
944 ## - СЪЗДАВАНЕ И РЕДАКЦИЯ на ЗАПИСА
Създаване/Редакция Редакция
Дата на регистрацията/редакция 13.03.2013
Статус, дата на статуса ф /
Служител, извършил регистрацията/редакцията
999 ## - СИСТЕМНИ КОНТРОЛНИ НОМЕРА
Koha biblionumber 29700
Koha biblioitemnumber 29700
Наличности
Код за отписване Код за изгубен артикул Източник на класификационната схема Код за повреда Коз за рестрикции Код за отдаване Артикулен № Име на библиотеката - собственик Име на библиотеката, в която се намира в момента Статус (Текущо местоположение) Дата на вписване в системата Местоположение - отдел Цена в лева Инвентарен номер Систематично азбучна сигнатура Баркод Номер на екземпляра Цена в евро Служебна бележка Служебен тип на артикула
  Не е изгубен Universal Decimal Classification Не е повреден без рестрикции заемане за дома 47661 Регионална библиотека "Любен Каравелов" Русе Регионална библиотека "Любен Каравелов" Русе Дубликат 2011-04-15 Заемна - подръчен фонд 12.00 120000750526 П 830-9/Т 86 120000750526 1 6.14 Дост: DA Вид: А N: 6 Дата: 15.04.2011 Дата инв: 12.02.2018 Бележки инв: П2018 Книги
  Не е изгубен   Не е повреден без рестрикции заемане за дома 47662 Регионална библиотека "Любен Каравелов" Русе Регионална библиотека "Любен Каравелов" Русе Заемна - подръчен фонд 2011-12-16 Заемна - подръчен фонд 12.00 120000755494 П 830-9/Т 86 120000755494 2 6.14 Дост: Pk Вид: Ф N: 251 Дата: 15.12.2011 Дата инв: 12.02.2018 Бележки инв: П2018 Книги
  Не е изгубен   Не е повреден без рестрикции заемане за дома 47663 Регионална библиотека "Любен Каравелов" Русе Регионална библиотека "Любен Каравелов" Русе Заемна - подръчен фонд 2011-12-16 Заемна - подръчен фонд 12.00 120000755495 П 830-9/Т 86 120000755495 3 6.14 Дост: Pk Вид: Ф N: 251 Дата: 15.12.2011 Дата инв: 12.02.2018 Бележки инв: П2018 Книги
  Не е изгубен   Не е повреден без рестрикции ползва се в читалня 47664 Регионална библиотека "Любен Каравелов" Русе Регионална библиотека "Любен Каравелов" Русе Хранилище 2012-07-04 Хранилище 12.00 120000758806 Цб 251560 120000758806 4 6.14 Дост: Dp Вид: Д N: 23 Дата: 08.06.2011 Книги
  Не е изгубен   Не е повреден без рестрикции заемане за дома 47665 Регионална библиотека "Любен Каравелов" Русе Регионална библиотека "Любен Каравелов" Русе Заемна - подръчен фонд 2013-03-07 Заемна - подръчен фонд 6.00 120000764804 П 830-9/Т 86 120000764804 5 3.07 Дост: Pk Вид: Ф N: 422 Дата: 03.03.2013 Дата инв: 12.02.2018 Бележки инв: П2018 Книги
Vip Innovations Ltd, Rousse, Bulgaria 2025